[Event "TCh-CHN 2015"]
[Site "China CHN"]
[Date "2015.10.30"]
[Round "18.1"]
[Board "5"]
[White "Zhang, Xiaowen"]
[Black "Yuan, Ye"]
[Result "1-0"]
[WhiteTitle "WGM"]
[WhiteElo "2349"]
[BlackElo "2114"]
[WhiteTeam "Shanghai"]
[BlackTeam "Qingdao"]
[WhiteFideId "8603219"]
[BlackFideId "8608415"]
[EventDate "2015.04.10"]

1. e4 c5 2. Nf3 e6 3. d4 cxd4 4. Nxd4 a6 5. Be2 Qc7 6. O-O Nf6 7. Nc3 b5 8. Bf3
e5 9. Nf5 b4 10. Nd5 Nxd5 11. Qxd5 Bb7 12. Qd3 Nc6 13. Bg5 h6 14. Bh4 g6 15. Bf6
Rg8 16. Ne3 Nd4 17. Ng4 Bg7 18. Rad1 d6 19. Bxg7 Rxg7 20. c3 bxc3 21. bxc3 Nxf3+
22. Qxf3 f5 23. Nf6+ Ke7 24. Nd5+ Bxd5 25. Rxd5 Rf8 26. Rfd1 fxe4 27. Qxe4 Rf4
28. Qe2 Rgf7 29. Rxd6 Qxd6 30. Rxd6 Kxd6 31. Qxa6+ Kc5 32. a4 R7f6 33. Qb5+ Kd6
34. a5 1-0

[Event "TCh-CHN 2015"]
[Site "China CHN"]
[Date "2015.10.30"]
[Round "18.2"]
[Board "2"]
[White "Liu, Qingnan"]
[Black "Xiu, Deshun"]
[Result "1-0"]
[WhiteTitle "IM"]
[BlackTitle "GM"]
[WhiteElo "2510"]
[BlackElo "2557"]
[WhiteTeam "Shandong"]
[BlackTeam "Beijing"]
[WhiteFideId "8603294"]
[BlackFideId "8603693"]
[EventDate "2015.04.10"]

1. e4 e5 2. Nf3 Nc6 3. Bc4 Bc5 4. b4 Bxb4 5. c3 Ba5 6. d4 d6 7. Qb3 Qd7 8. dxe5
Bb6 9. Nbd2 dxe5 10. Ba3 Na5 11. Qb4 c5 12. Qb5 Nxc4 13. Qxd7+ Kxd7 14. Nxc4 f6
15. O-O-O+ Kc7 16. Nd6 Ne7 17. Nb5+ Kb8 18. Nd2 Be6 19. Nb3 Bxb3 20. axb3 a6 21.
Nd6 Rd8 22. Nc4 Ka7 23. f3 Ng6 24. g3 Nf8 25. f4 exf4 26. gxf4 Ne6 27. f5 Ng5
28. e5 fxe5 29. Rxd8 Rxd8 30. Rg1 h6 31. h4 Ne4 32. Rxg7 Rd3 33. Nxe5 Rxc3+ 34.
Kb2 Ba5 35. Nc6+ Kb6 36. Nxa5 Kxa5 37. Re7 c4 38. Rxe4 Rxb3+ 39. Ka2 Rf3 40.
Rxc4 Rxf5 41. Bc1 h5 42. Rc7 b5 43. Kb3 b4 44. Be3 Kb5 45. Rb7+ Ka5 46. Rxb4 Rf3
47. Re4 Rf5 48. Bd4 Rf3+ 49. Re3 1-0

[Event "TCh-CHN 2015"]
[Site "China CHN"]
[Date "2015.10.30"]
[Round "18.2"]
[Board "4"]
[White "Wang, Jue"]
[Black "Xiao, Yiyi"]
[Result "1-0"]
[WhiteTitle "WGM"]
[BlackTitle "WFM"]
[WhiteElo "2365"]
[BlackElo "2218"]
[WhiteTeam "Beijing"]
[BlackTeam "Shandong"]
[WhiteFideId "8604070"]
[BlackFideId "8606161"]
[EventDate "2015.04.10"]

1. e4 e5 2. Nf3 Nf6 3. Nc3 Bb4 4. Nxe5 O-O 5. Be2 Re8 6. Nd3 Bxc3 7. dxc3 Nxe4
8. O-O d6 9. f3 Nc5 10. Nxc5 dxc5 11. Bf4 Nd7 12. Bc4 c6 13. Qd6 Nb6 14. Qxc5
Nxc4 15. Qxc4 Qb6+ 16. Qd4 Qxb2 17. h4 Qxc2 18. h5 h6 19. Rfe1 Be6 20. a4 b6 21.
Rac1 Qb3 22. Re4 Rad8 23. Qf2 c5 24. Qg3 Kh7 25. Rce1 Rd1 26. Be5 Rxe1+ 27. Rxe1
Rg8 28. Qf4 Qc2 29. Re4 f6 30. Bb8 Qd1+ 31. Kh2 Qd5 32. Bxa7 Qxh5+ 33. Kg1 Bd5
34. Re1 Re8 35. Rxe8 Qxe8 36. Bxb6 c4 37. Bd4 Bf7 38. a5 Qa4 39. Qe4+ Bg6 40.
Qd5 Bd3 41. Kh2 Qa1 42. Qf7 Bg6 43. Qc7 Kh8 44. Qc8+ Kh7 45. a6 Qe1 46. a7 Qd2
47. a8=Q Qf4+ 48. g3 1-0

[Event "TCh-CHN 2015"]
[Site "China CHN"]
[Date "2015.10.30"]
[Round "18.3"]
[Board "1"]
[White "Lysyj, Igor"]
[Black "Zhou, Weiqi"]
[Result "1-0"]
[WhiteTitle "GM"]
[BlackTitle "GM"]
[WhiteElo "2691"]
[BlackElo "2627"]
[WhiteTeam "Hangzhou"]
[BlackTeam "Chongqing"]
[WhiteFideId "4150120"]
[BlackFideId "8601674"]
[EventDate "2015.04.10"]

1. Nf3 d5 2. e3 Nf6 3. c4 e6 4. b3 Be7 5. Bb2 O-O 6. Nc3 c5 7. cxd5 Nxd5 8. Qc2
Nc6 9. a3 Nxc3 10. Bxc3 Bd7 11. Be2 Rc8 12. O-O b6 13. Qb2 Bf6 14. b4 Bxc3 15.
Qxc3 Ne7 16. Qb2 Bc6 17. bxc5 Bxf3 18. Bxf3 Rxc5 19. d4 Ra5 20. g3 g6 21. Rfc1
Qd7 22. Rc4 Rc8 23. Rac1 Rxc4 24. Rxc4 Qd6 25. a4 h5 26. Qc3 Kf8 27. Bd1 e5 28.
Bb3 exd4 29. Rxd4 Rc5 30. Qd2 Qf6 31. Rd7 Rc3 32. Ba2 a5 33. Rd6 Rc1+ 34. Kg2
Qa1 35. Rxb6 Rg1+ 36. Kf3 Qf1 37. Rf6 Kg7 38. Rxf7+ Kh6 39. e4+ g5 40. Rxe7 1-0

[Event "TCh-CHN 2015"]
[Site "China CHN"]
[Date "2015.10.30"]
[Round "18.3"]
[Board "2"]
[White "Bai, Jinshi"]
[Black "Wang, Chen"]
[Result "1/2-1/2"]
[WhiteTitle "IM"]
[BlackTitle "IM"]
[WhiteElo "2518"]
[BlackElo "2500"]
[WhiteTeam "Hangzhou"]
[BlackTeam "Chongqing"]
[WhiteFideId "8602280"]
[BlackFideId "8601020"]
[EventDate "2015.04.10"]

1. d4 Nf6 2. c4 e6 3. g3 Bb4+ 4. Bd2 Qe7 5. Nf3 Nc6 6. Nc3 O-O 7. Bg2 Na5 8. b3
b6 9. O-O Bb7 10. Qc2 Rac8 11. Rfd1 Rfe8 12. Be1 h6 13. e3 Ba8 14. Qd3 Bxc3 15.
Bxc3 Be4 16. Qe2 Nb7 17. Bh3 c5 18. Nd2 d5 19. cxd5 Bxd5 20. e4 cxd4 21. Bxd4
Bc6 22. f3 Red8 23. Nf1 Ne8 24. Ne3 Nc5 25. Bf1 Bb7 26. Rd2 Na6 27. Rad1 Nb4 28.
Qf2 Nc6 29. Bb2 Rxd2 30. Rxd2 Rd8 31. Rxd8 Qxd8 32. Qc2 1/2-1/2

[Event "TCh-CHN 2015"]
[Site "China CHN"]
[Date "2015.10.30"]
[Round "18.3"]
[Board "4"]
[White "Tan, Zhongyi"]
[Black "Girya, Olga"]
[Result "1/2-1/2"]
[WhiteTitle "WGM"]
[BlackTitle "WGM"]
[WhiteElo "2487"]
[BlackElo "2464"]
[WhiteTeam "Chongqing"]
[BlackTeam "Hangzhou"]
[WhiteFideId "8603642"]
[BlackFideId "4195752"]
[EventDate "2015.04.10"]

1. Nf3 d5 2. d4 Nf6 3. c4 c6 4. Nc3 dxc4 5. a4 Bf5 6. Ne5 Nbd7 7. Nxc4 Nb6 8.
Ne5 a5 9. f3 Nfd7 10. Nxd7 Nxd7 11. e4 Bg6 12. Be2 e6 13. O-O Bd6 14. f4 O-O 15.
f5 exf5 16. exf5 Qh4 17. h3 Qg3 18. Ne4 Qh2+ 19. Kf2 Bxf5 20. Rh1 Qxh1 21. Qxh1
Bxe4 22. Bf3 Bxf3 23. gxf3 Rfe8 24. Bd2 Nf6 25. Rg1 Nd5 26. Qg2 g6 27. Qg4 Re6
28. Re1 Rae8 29. Rxe6 Rxe6 30. Qg1 b6 31. Qc1 h5 32. h4 Ne7 33. Qc4 Nf5 34. Bc3
Bg3+ 35. Kg1 Ne3 36. Qa6 Nd5 37. Qc8+ Kg7 38. Qd8 Rf6 39. Bd2 Bxh4 40. Kg2 g5
41. Bc1 Re6 42. Kh3 Rf6 43. f4 Nxf4+ 44. Bxf4 Rxf4 45. Qxb6 Rf3+ 46. Kg2 Rf2+
47. Kh3 Rf3+ 48. Kg2 g4 49. Qxa5 Rf2+ 50. Kg1 Kg6 51. Qc3 Rf6 52. Qc2+ Kg7 53.
a5 Bg5 54. Qc3 Rf3 55. a6 Be3+ 56. Kh1 Rf1+ 57. Kg2 Rf2+ 58. Kh1 Rf1+ 59. Kg2
Rf2+ 60. Kh1 1/2-1/2

[Event "TCh-CHN 2015"]
[Site "China CHN"]
[Date "2015.10.30"]
[Round "18.3"]
[Board "5"]
[White "Huang, Qian"]
[Black "Gu, Tianlu"]
[Result "1-0"]
[WhiteTitle "WGM"]
[BlackTitle "WIM"]
[WhiteElo "2473"]
[BlackElo "2182"]
[WhiteTeam "Chongqing"]
[BlackTeam "Hangzhou"]
[WhiteFideId "8602689"]
[BlackFideId "8603995"]
[EventDate "2015.04.10"]

1. c4 f5 2. Nf3 Nf6 3. g3 b6 4. Bg2 Bb7 5. O-O e6 6. d4 Be7 7. d5 Qc8 8. Nc3 O-O
9. Nd4 c5 10. Nf3 a6 11. a4 Qc7 12. Bf4 Bd6 13. Bxd6 Qxd6 14. dxe6 Qe7 15. exd7
Nbxd7 16. Nh4 Bxg2 17. Nxg2 Rad8 18. Qb3 Ne4 19. Nd5 Qf7 20. Rad1 Ne5 21. f3 Nd6
22. Nxb6 Nexc4 23. Nxc4 Qxc4 24. Qb6 Nf7 25. Rxd8 Rxd8 26. Nf4 h6 27. b3 Qd4+
28. Kg2 Rd6 29. Qb8+ Kh7 30. Qf8 Qf6 31. Rc1 Qb2 32. Rxc5 Rf6 33. Rc8 h5 34.
Qg8+ 1-0

[Event "TCh-CHN 2015"]
[Site "China CHN"]
[Date "2015.10.30"]
[Round "18.4"]
[Board "1"]
[White "Lu, Shanglei"]
[Black "Zhang, Pengxiang"]
[Result "1/2-1/2"]
[WhiteTitle "GM"]
[BlackTitle "GM"]
[WhiteElo "2570"]
[BlackElo "2570"]
[WhiteTeam "Zhejiang"]
[BlackTeam "Heibei"]
[WhiteFideId "8603332"]
[BlackFideId "8600970"]
[EventDate "2015.04.10"]

1. e4 e5 2. Nf3 Nc6 3. Bb5 a6 4. Ba4 Nf6 5. O-O Be7 6. d3 d6 7. c3 O-O 8. Re1
Re8 9. Nbd2 Bf8 10. Nf1 h6 11. Ng3 b5 12. Bc2 d5 13. d4 Bg4 14. exd5 Qxd5 15.
Bb3 Qd7 16. h3 Bxf3 17. Qxf3 exd4 18. Bxh6 dxc3 19. bxc3 Na5 20. Rxe8 Qxe8 21.
Bc2 Qc6 22. Ne4 Re8 23. Nxf6+ Qxf6 24. Qxf6 gxf6 25. Bf4 Nc4 26. Kf1 Ba3 27. Rd1
Bb2 28. Rd3 Ne5 29. Re3 Kg7 30. h4 Rh8 31. Rh3 Ng6 32. Bxg6 fxg6 33. Bxc7 Re8
34. Ba5 Re4 35. Bb4 Bc1 36. Rd3 Rxh4 37. Rd7+ Kh6 38. Bf8+ Kh5 39. f3 Rh1+ 40.
Kf2 Kg5 41. Be7 Bf4 42. Rd5+ Kh6 43. Bxf6 Ra1 44. Rd8 Rxa2+ 45. Kf1 g5 46. Rg8
a5 47. g3 Bxg3 48. Bxg5+ Kh7 49. Ra8 a4 50. Ra5 a3 51. Be7 Rf2+ 52. Kg1 a2 53.
Bd6 Rb2 54. Bxg3 Rb1+ 55. Kf2 a1=Q 56. Rxa1 Rxa1 57. Ke3 Ra4 58. Be5 Kg6 59. f4
Kf5 60. Kd3 Rc4 61. Ke3 Ke6 62. Kd3 Kd5 63. Kc2 Ke4 64. Kb2 Kd5 65. Kb3 Re4 66.
Bb8 Re1 67. Be5 Rb1+ 68. Kc2 Re1 69. Kb3 Rf1 70. Bb8 Kc5 71. Ba7+ Kd5 1/2-1/2

[Event "TCh-CHN 2015"]
[Site "China CHN"]
[Date "2015.10.30"]
[Round "18.4"]
[Board "2"]
[White "Xu, Minghui"]
[Black "Wan, Yunguo"]
[Result "1/2-1/2"]
[BlackTitle "IM"]
[WhiteElo "2229"]
[BlackElo "2477"]
[WhiteTeam "Zhejiang"]
[BlackTeam "Heibei"]
[WhiteFideId "8606790"]
[BlackFideId "8603189"]
[EventDate "2015.04.10"]

1. d4 Nf6 2. c4 g6 3. Nc3 d5 4. Bf4 Bg7 5. e3 O-O 6. Rc1 dxc4 7. Bxc4 Nbd7 8.
Nf3 c5 9. Bb3 cxd4 10. exd4 b6 11. O-O Bb7 12. Re1 Rc8 13. Qe2 e6 14. Rcd1 Nd5
15. Nxd5 Bxd5 16. Bxd5 exd5 17. Qa6 Nf6 18. Qxa7 Ra8 19. Qb7 Rxa2 20. Bc7 Qc8
21. Qxb6 Ra6 22. Qb5 Ra7 23. Be5 Rb7 24. Qe2 Re8 25. Rc1 Qd7 26. Qc2 Qb5 27. Re2
Nd7 28. Rce1 Nxe5 29. dxe5 Reb8 30. Rd2 Qxb2 31. Qxb2 Rxb2 32. Rxd5 Ra2 33. Rd2
Rxd2 34. Nxd2 Rb2 35. Nf1 Rb5 36. e6 fxe6 37. Rxe6 Rb2 38. Re4 Bf8 39. g4 Bc5
40. Rf4 Kg7 41. Kg2 h6 42. h3 Ra2 43. Rf3 Rc2 44. Ng3 Bd4 45. Kf1 Rc1+ 46. Kg2
Rc2 47. h4 Bf6 48. h5 Rc4 49. Kh3 Be5 50. Nf1 gxh5 51. gxh5 Bf4 52. Kg4 Bc1+ 53.
Kf5 Rc5+ 54. Kg4 Rc4+ 55. Kh3 Bf4 56. Rb3 Kf6 57. Rb6+ Kg5 58. Rb5+ Kf6 59. Kg4
Be5+ 60. Kf3 Bf4 61. Rd5 Ra4 62. Rb5 Rc4 63. Ng3 Bxg3 64. Kxg3 Ra4 65. f4 Ra1
66. Rb6+ Kf5 67. Rb5+ Kf6 68. Rb7 Rg1+ 69. Kf3 Rf1+ 70. Kg3 Rg1+ 71. Kf2 Rh1 1/2-1/2

[Event "TCh-CHN 2015"]
[Site "China CHN"]
[Date "2015.10.30"]
[Round "18.4"]
[Board "3"]
[White "Lan, Zilun"]
[Black "Zhang, Ziji"]
[Result "1/2-1/2"]
[WhiteElo "2180"]
[BlackElo "2223"]
[WhiteTeam "Zhejiang"]
[BlackTeam "Heibei"]
[WhiteFideId "8604193"]
[BlackFideId "8609470"]
[EventDate "2015.04.10"]

1. d4 d5 2. c4 c6 3. Nf3 Nf6 4. e3 g6 5. Nc3 Bg7 6. Bd3 O-O 7. O-O Bg4 8. h3
Bxf3 9. Qxf3 dxc4 10. Bxc4 Nbd7 11. Rd1 e5 12. d5 e4 13. Nxe4 Nxe4 14. Qxe4 Nb6
15. Rb1 Re8 16. Qd3 Nxc4 17. Qxc4 Re5 18. e4 Qe8 19. f3 cxd5 20. Rxd5 Rxd5 21.
Qxd5 Rd8 22. Qb3 Qe6 23. Bf4 Qxb3 24. axb3 Rd3 25. b4 Rb3 26. Bd6 Bf8 27. Bxf8
Kxf8 28. Kf2 Ke7 29. Ke2 Ke6 30. Kd2 Rxb4 31. Kc3 Rb6 32. Ra1 Rc6+ 33. Kd4 Rd6+
34. Kc3 Rc6+ 35. Kd3 Rd6+ 1/2-1/2

[Event "TCh-CHN 2015"]
[Site "China CHN"]
[Date "2015.10.30"]
[Round "18.4"]
[Board "4"]
[White "Wang, Doudou"]
[Black "Ding, Yixin"]
[Result "1/2-1/2"]
[WhiteTitle "WIM"]
[BlackTitle "WGM"]
[WhiteElo "2205"]
[BlackElo "2434"]
[WhiteTeam "Heibei"]
[BlackTeam "Zhejiang"]
[WhiteFideId "8603197"]
[BlackFideId "8602972"]
[EventDate "2015.04.10"]

1. d4 Nf6 2. c4 e6 3. Nc3 d5 4. Nf3 Be7 5. Bg5 h6 6. Bxf6 Bxf6 7. e3 O-O 8. Qb3
c6 9. Bd3 dxc4 10. Bxc4 b5 11. Be2 Bb7 12. O-O Nd7 13. Ne4 Qe7 14. Rac1 a6 15.
Nc5 Nxc5 16. Rxc5 Rfd8 17. Rfc1 Rac8 18. Ne5 Bxe5 19. Rxe5 Rd5 20. Rxd5 cxd5 21.
Rxc8+ Bxc8 22. Qc3 Bb7 23. b4 Kf8 24. a3 Qd6 25. f4 Qc6 26. Qxc6 Bxc6 27. g4 g6
28. Kf2 Kg7 29. h4 Be8 30. g5 h5 1/2-1/2

[Event "TCh-CHN 2015"]
[Site "China CHN"]
[Date "2015.10.30"]
[Round "18.4"]
[Board "5"]
[White "Zhai, Mo"]
[Black "Zhu, Jiner"]
[Result "1-0"]
[WhiteTitle "WIM"]
[WhiteElo "2324"]
[BlackElo "1989"]
[WhiteTeam "Heibei"]
[BlackTeam "Zhejiang"]
[WhiteFideId "8600201"]
[BlackFideId "8608059"]
[EventDate "2015.04.10"]

1. d4 Nf6 2. c4 g6 3. Nc3 Bg7 4. e4 d6 5. Be2 O-O 6. Bg5 c6 7. Qd2 Qc7 8. h4
Nbd7 9. h5 e5 10. d5 cxd5 11. cxd5 a6 12. Rc1 Qa5 13. Rb1 b5 14. b4 Qd8 15. Nh3
Ra7 16. f3 Nb6 17. Qe3 Rc7 18. Qxb6 Rxc3 19. Qxd8 Rxd8 20. h6 Bh8 21. Kd2 Rc7
22. Rhc1 Rdd7 23. Be3 Bb7 24. Bb6 Rxc1 25. Rxc1 Nh5 26. a4 bxa4 27. Ra1 Ng3 28.
Bd3 f5 29. Bf2 fxe4 30. fxe4 Nh5 31. Rxa4 Bf6 32. Bxa6 g5 33. Bb5 Re7 34. g4 Nf4
35. Nxf4 exf4 36. Bc6 Rxe4 37. Bxb7 f3 38. Be3 Rxg4 39. Bc8 Rg2+ 40. Kd3 Kf7 41.
Bf5 g4 42. Ra7+ Ke8 43. b5 g3 44. Be4 1-0

[Event "TCh-CHN 2015"]
[Site "China CHN"]
[Date "2015.10.30"]
[Round "18.5"]
[Board "1"]
[White "Lin, Chen"]
[Black "Li, Di"]
[Result "0-1"]
[WhiteTitle "IM"]
[BlackTitle "FM"]
[WhiteElo "2448"]
[BlackElo "2277"]
[WhiteTeam "Jiangsu"]
[BlackTeam "Chengdu"]
[WhiteFideId "8602298"]
[BlackFideId "8607508"]
[EventDate "2015.04.10"]

1. d4 Nf6 2. Nf3 g6 3. Bf4 Bg7 4. e3 O-O 5. Be2 d6 6. h3 b6 7. O-O Bb7 8. Bh2
Nbd7 9. a4 a6 10. c3 Re8 11. Nbd2 e5 12. dxe5 dxe5 13. Bc4 Qe7 14. Qc2 e4 15.
Nd4 Ne5 16. Rfd1 Rad8 17. Bxe5 Qxe5 18. Nf1 Nd7 19. Nb3 Qg5 20. Qe2 Ne5 21. Bxa6
Bxa6 22. Qxa6 Nf3+ 23. Kh1 Nh4 24. Ng3 Be5 25. Qb5 c5 26. a5 Bxg3 27. fxg3 Qxg3
28. Qe2 Nf3 29. gxf3 Qxh3+ 30. Kg1 exf3 31. Rxd8 Qg3+ 32. Kh1 fxe2 33. Rxe8+ Kg7 0-1

[Event "TCh-CHN 2015"]
[Site "China CHN"]
[Date "2015.10.30"]
[Round "18.5"]
[Board "3"]
[White "Wei, Yi"]
[Black "Zhao, Yuanhe"]
[Result "1-0"]
[WhiteTitle "GM"]
[WhiteElo "2706"]
[BlackElo "2217"]
[WhiteTeam "Jiangsu"]
[BlackTeam "Chengdu"]
[WhiteFideId "8603405"]
[BlackFideId "8609497"]
[EventDate "2015.04.10"]

1. e4 e6 2. d4 d5 3. e5 c5 4. c3 Qb6 5. Nf3 Bd7 6. Be2 cxd4 7. cxd4 Bb5 8. Nc3
Bxe2 9. Qxe2 Ne7 10. O-O Nec6 11. Rd1 Bb4 12. Ng5 h6 13. Qh5 g6 14. Qh3 Ne7 15.
Ne2 Nbc6 16. a3 Qa6 17. Nf4 Nf5 18. Nf3 Be7 19. g4 Ng7 20. Qf1 Qxf1+ 21. Kxf1 h5
22. h3 hxg4 23. hxg4 Kd7 24. Ke2 a5 25. Be3 Ne8 26. Rh1 Nc7 27. Nh3 a4 28. Nhg5
f6 29. exf6 Bxf6 30. Nf7 Rxh1 31. Rxh1 Nb5 32. N7e5+ Kd6 33. Nxc6 Kxc6 34. Rh6
Rg8 35. g5 Bh8 36. Kd3 Nd6 37. Nh4 Nf5 38. Rxg6 Rxg6 39. Nxg6 Bg7 40. Nf4 e5 41.
Ne6 e4+ 42. Kc3 Bh8 43. Nd8+ Kc7 44. Nf7 Bg7 45. Nh6 Ne7 46. Kb4 Nc6+ 47. Kc5
Ne7 48. Kb5 Kd6 49. Kxa4 Ke6 50. Kb4 Nc6+ 51. Kc3 b5 52. b4 Nd8 53. g6 Bxh6 54.
Bxh6 Nc6 55. Bg5 Nb8 56. Kb3 Nc6 57. Kc3 Nb8 58. a4 1-0

[Event "TCh-CHN 2015"]
[Site "China CHN"]
[Date "2015.10.30"]
[Round "18.5"]
[Board "5"]
[White "Ren, Xiaoyi"]
[Black "Guo, Qi"]
[Result "1/2-1/2"]
[BlackTitle "IM"]
[WhiteElo "2211"]
[BlackElo "2443"]
[WhiteTeam "Chengdu"]
[BlackTeam "Jiangsu"]
[WhiteFideId "8608709"]
[BlackFideId "8604002"]
[EventDate "2015.04.10"]

1. d4 d5 2. c4 e6 3. Nf3 Nf6 4. g3 dxc4 5. Bg2 Nc6 6. Qa4 Bd7 7. Qxc4 Na5 8. Qc2
Rc8 9. O-O c5 10. Nc3 Qb6 11. Na4 Bxa4 12. Qxa4+ Nc6 13. Be3 Qb4 14. Qc2 Nd5 15.
Bd2 Qb5 16. a3 Nb6 17. dxc5 Qxc5 18. Qe4 Be7 19. Bc3 O-O 20. Qg4 e5 21. Rac1 Qd6
22. Rfd1 Qh6 23. Qf5 Bf6 24. e3 Qg6 25. Qxg6 hxg6 26. Nd2 Rfd8 27. Ne4 Be7 28.
Be1 f5 29. Rxd8+ Rxd8 30. Nc5 Bxc5 31. Rxc5 Rd1 32. Kf1 e4 33. f3 exf3 34. Bxf3
Rb1 35. Bxc6 bxc6 36. Rxc6 Rxb2 37. Rxg6 Nd5 38. Re6 Rb3 39. Ra6 Nxe3+ 40. Ke2
Nc2 41. Bf2 1/2-1/2

[Event "TCh-CHN 2015"]
[Site "China CHN"]
[Date "2015.10.30"]
[Round "18.6"]
[Board "1"]
[White "Li, Shilong"]
[Black "Malakhov, Vladimir"]
[Result "0-1"]
[WhiteTitle "GM"]
[BlackTitle "GM"]
[WhiteElo "2508"]
[BlackElo "2706"]
[WhiteTeam "Guangdong"]
[BlackTeam "Tianjing"]
[WhiteFideId "8600678"]
[BlackFideId "4120787"]
[EventDate "2015.04.10"]

1. d4 d5 2. c4 c6 3. Nf3 Nf6 4. Nc3 a6 5. Qc2 dxc4 6. e4 b5 7. b3 cxb3 8. axb3
g6 9. Bd3 Bg7 10. e5 Nd5 11. Nxd5 Qxd5 12. Be4 Qd8 13. h4 Bg4 14. Be3 Qd7 15. h5
Bxh5 16. Nh2 O-O 17. g4 Bxg4 18. Nxg4 Qxg4 19. f4 f5 20. Bd5+ cxd5 21. Kf2 Nd7
22. Rag1 Rfc8 23. Qd3 h5 24. Rxg4 hxg4 25. Bd2 Nf8 26. Bb4 Kf7 27. Bc5 Ne6 28.
Rh7 Rh8 29. Rxh8 Rxh8 30. Qc3 Bf8 31. Qa5 Nxf4 32. Qxa6 Rh2+ 33. Ke1 g3 34. e6+
Nxe6 35. Qb7 Rh1+ 0-1

[Event "TCh-CHN 2015"]
[Site "China CHN"]
[Date "2015.10.30"]
[Round "18.6"]
[Board "3"]
[White "Xu, Yinglun"]
[Black "Ma, Qun"]
[Result "1/2-1/2"]
[BlackTitle "GM"]
[WhiteElo "2443"]
[BlackElo "2609"]
[WhiteTeam "Guangdong"]
[BlackTeam "Tianjing"]
[WhiteFideId "8604940"]
[BlackFideId "8603154"]
[EventDate "2015.04.10"]

1. d4 d5 2. c4 c6 3. Nf3 Nf6 4. Nbd2 Bf5 5. Nh4 Bg6 6. Qb3 Qc7 7. Nxg6 hxg6 8.
g3 Nbd7 9. Bg2 e6 10. O-O Qb6 11. Qd3 Qa6 12. b3 Ba3 13. Qc3 Bxc1 14. Rfxc1 Qb6
15. Rab1 a5 16. cxd5 cxd5 17. e3 O-O 18. Bf1 Qb4 19. a4 Qxc3 20. Rxc3 Rfc8 21.
Rbc1 Nb6 22. h4 Rxc3 23. Rxc3 Rc8 24. Rxc8+ Nxc8 25. f3 Na7 26. Kf2 Nc6 27. Nb1
Kf8 28. Nc3 Ke7 29. g4 Ne8 30. Bd3 Nd6 31. Ke2 1/2-1/2

[Event "TCh-CHN 2015"]
[Site "China CHN"]
[Date "2015.10.30"]
[Round "18.6"]
[Board "4"]
[White "Ni, Shiqun"]
[Black "Liu, Manli CHN"]
[Result "1-0"]
[WhiteTitle "WIM"]
[WhiteElo "2315"]
[BlackElo "2033"]
[WhiteTeam "Tianjing"]
[BlackTeam "Guangdong"]
[WhiteFideId "8608466"]
[BlackFideId "8608121"]
[EventDate "2015.04.10"]

1. e4 c5 2. Nf3 Nc6 3. Bb5 g6 4. Bxc6 dxc6 5. d3 Bg7 6. h3 Nf6 7. Nc3 Nd7 8. Be3
e5 9. Qd2 Qe7 10. Bh6 f6 11. Bxg7 Qxg7 12. Qe3 b6 13. Nd2 Nf8 14. O-O-O Ne6 15.
Rdf1 Bd7 16. g3 O-O-O 17. f4 Nd4 18. Rf2 Rhf8 19. g4 g5 20. fxe5 fxe5 21. Rf5 h6
22. Nc4 Bxf5 23. exf5 Rfe8 24. Ne4 Kb8 25. Rf1 Qc7 26. c3 Nb5 27. a4 Nd6 28.
Ncxd6 Rxd6 29. Nxd6 Qxd6 30. Qe4 Qd5 31. Kc2 Qxe4 32. dxe4 Rf8 33. h4 Kc7 34.
hxg5 hxg5 35. Rh1 Rg8 36. Rh6 Kd7 37. Rh7+ Kd6 38. Rxa7 Rh8 39. Rg7 c4 40. Rg6+
Kd7 41. Rxg5 Rh2+ 42. Kc1 Rh1+ 43. Kd2 Rh2+ 44. Ke3 Rxb2 45. f6 Rc2 46. Rf5
Rxc3+ 47. Ke2 Ke8 48. Rxe5+ Kf8 49. g5 Rg3 50. Rf5 c3 51. e5 Kf7 52. Kd1 b5 53.
e6+ Kxe6 54. f7 Kxf5 55. f8=Q+ Kxg5 56. Qg7+ Kf4 57. Qxg3+ Kxg3 58. a5 b4 59.
Kc2 1-0

[Event "TCh-CHN 2015"]
[Site "China CHN"]
[Date "2015.12.08"]
[Round "19.1"]
[Board "1"]
[White "Li, Shilong"]
[Black "Ma, Zhonghan"]
[Result "1-0"]
[WhiteTitle "GM"]
[BlackTitle "IM"]
[WhiteElo "2508"]
[BlackElo "2468"]
[WhiteTeam "Guangdong"]
[BlackTeam "Qingdao"]
[WhiteFideId "8600678"]
[BlackFideId "8607206"]
[EventDate "2015.04.10"]

1. d4 d5 2. c4 c6 3. Nf3 Nf6 4. Nc3 dxc4 5. a4 Bf5 6. e3 e6 7. Bxc4 Bb4 8. O-O
Nbd7 9. Qe2 Bg4 10. h3 Bxf3 11. Qxf3 O-O 12. Rd1 Qa5 13. Bd2 Rad8 14. Be1 e5 15.
Ba2 exd4 16. Rxd4 Ne5 17. Qf5 Rxd4 18. exd4 Ng6 19. Qxa5 Bxa5 20. Ne4 Bxe1 21.
Rxe1 Nxe4 22. Rxe4 Rd8 23. f4 Kf8 24. f5 Ne7 25. g4 h6 26. Kf2 Nd5 27. Bxd5 Rxd5
28. Ke3 f6 29. Kd3 h5 30. Kc4 hxg4 31. hxg4 Kf7 32. Re3 a6 33. b4 b5+ 34. axb5
axb5+ 35. Kd3 Rd6 36. Re1 Rd8 37. Rc1 Rd6 38. Re1 Rd8 39. Rc1 Rd6 40. Ke4 Ke7
41. Rc5 Kd7 42. d5 cxd5+ 43. Kd4 Rb6 44. Rxd5+ Kc6 45. Rc5+ Kd6 46. Rd5+ Kc6 47.
Rd8 Rb7 48. Rc8+ Kd6 49. Rd8+ Kc6 50. Re8 Rd7+ 51. Ke4 Kd6 52. Re6+ Kc7 53. g5
fxg5 54. Rg6 Kd8 55. Rxg5 Ke8 56. Rg6 Rc7 57. Ke5 Rb7 58. Kd6 Rf7 59. Rg5 Re7
60. Kc6 Re5 61. Rxg7 Rxf5 62. Rg8+ Ke7 63. Rb8 Rf6+ 64. Kc7 Rf5 65. Kc6 Rf6+ 66.
Kc7 Rf5 67. Rb6 Rg5 68. Kc6 Rg4 69. Rb7+ Kd8 70. Rb8+ Ke7 71. Rxb5 Rc4+ 72. Kb7
Kd6 73. Rb6+ Kd5 74. Ka6 Rc1 75. Rh6 Ra1+ 76. Kb6 Rb1 77. b5 Rb2 78. Ka6 Ra2+
79. Kb7 Kc5 80. b6 Rg2 81. Ka7 Ra2+ 82. Kb8 Ra6 83. Kc7 Kd5 1-0

[Event "TCh-CHN 2015"]
[Site "China CHN"]
[Date "2015.12.08"]
[Round "19.1"]
[Board "2"]
[White "Zeng, Chongsheng"]
[Black "Inarkiev, Ernesto"]
[Result "0-1"]
[WhiteTitle "GM"]
[BlackTitle "GM"]
[WhiteElo "2541"]
[BlackElo "2706"]
[WhiteTeam "Guangdong"]
[BlackTeam "Qingdao"]
[WhiteFideId "8603847"]
[BlackFideId "4162722"]
[EventDate "2015.04.10"]

1. e4 e5 2. Bc4 Nf6 3. d3 Nc6 4. Nc3 Na5 5. Qf3 c6 6. Qg3 d6 7. a4 Nxc4 8. dxc4
Be7 9. Nge2 O-O 10. O-O Nh5 11. Qf3 g6 12. Bh6 Ng7 13. Bc1 Nh5 14. Bh6 Ng7 15.
Rad1 Be6 16. b3 f5 17. c5 fxe4 18. Qxe4 Bf5 19. Qc4+ d5 20. Nxd5 cxd5 21. Rxd5
Qc8 22. Rxe5+ Be6 23. Qe4 Bf6 24. Nd4 Bf7 25. f4 Qd7 26. c6 bxc6 27. Nxc6 Bxe5
28. Qxe5 Be6 29. Bxg7 Rfe8 30. Bh6 Bd5 31. Qf6 Bxc6 32. f5 Re2 0-1

[Event "TCh-CHN 2015"]
[Site "China CHN"]
[Date "2015.12.08"]
[Round "19.1"]
[Board "3"]
[White "Dubov, Daniil"]
[Black "Mu, Ke"]
[Result "1-0"]
[WhiteTitle "GM"]
[WhiteElo "2655"]
[BlackElo "2392"]
[WhiteTeam "Guangdong"]
[BlackTeam "Qingdao"]
[WhiteFideId "24126055"]
[BlackFideId "8602778"]
[EventDate "2015.04.10"]

1. d4 d5 2. c4 c6 3. e3 Nf6 4. Bd3 e6 5. Nc3 Nbd7 6. b3 Bd6 7. Bb2 b6 8. Nf3 Bb7
9. O-O O-O 10. Qe2 c5 11. cxd5 cxd4 12. Nxd4 Nxd5 13. Ne4 Be7 14. Rfd1 N7f6 15.
Ng5 Qb8 16. Rac1 Bd6 17. Ngf3 Nb4 18. Bb1 a6 19. a3 Nbd5 20. Nc6 Bxc6 21. Rxc6
Rc8 22. Rxc8+ Qxc8 23. e4 Nf4 24. Qd2 Bc7 25. Qc2 Bd8 26. Qd2 Ng6 27. g3 Be7 28.
Qe2 Qf8 29. a4 Bc5 30. Kg2 Qe7 31. Ne1 Qb7 32. Qf3 e5 1-0